Economic Survey 2000-2001 (Record no. 346846)
[ view plain ]
| 000 -LEADER | |
|---|---|
| fixed length control field | 00320 a2200121 4500 |
| 082 ## - DEWEY DECIMAL CLASSIFICATION NUMBER | |
| Classification number | 330.95493 |
| Author Mark | ECO |
| 245 ## - TITLE STATEMENT | |
| Title | Economic Survey 2000-2001 |
| 260 ## - PUBLICATION, DISTRIBUTION, ETC. | |
| Place of publication, distribution, etc. | Islamabad |
| Name of publisher, distributor, etc. | Finance Division |
| Date of publication, distribution, etc. | 2001 |
| 300 ## - PHYSICAL DESCRIPTION | |
| Extent | 189p. |
| 500 ## - GENERAL NOTE | |
| General note | Papercover |
| 710 ## - ADDED ENTRY--CORPORATE NAME | |
| Corporate name or jurisdiction name as entry element | Government of Pakistan |
| 9 (RLIN) | 122225 |
| 942 ## - ADDED ENTRY ELEMENTS (KOHA) | |
| Institution code [OBSOLETE] | NBS |
| Koha item type | Book |
| Call number prefix | 330.95491 GOV |
| Source of classification or shelving scheme | |
| Withdrawn status | Lost status | Source of classification or shelving scheme | Damaged status | Not for loan | Permanent Location | Current Location | Date acquired | Full call number | Barcode | Date last seen | Price effective from | Koha item type | Total Checkouts | Date last checked out |
|---|---|---|---|---|---|---|---|---|---|---|---|---|---|---|
| Central Library (CL) | Central Library (CL) | 08/28/2013 | 330.95493 ECO | NBS3637 | 05/06/2019 | 08/28/2013 | Book | |||||||
| Central Library (CL) | Central Library (CL) | 08/28/2013 | 330.95493 ECO | NBS3636 | 07/06/2015 | 08/28/2013 | Book | 1 | 07/06/2015 |
